Léxico del cuerpo humano en Colombia

Guardat en:
Dades bibliogràfiques
Autor principal: Florez, Luis (Autor)
Format: Llibre
Idioma:espanyol
Publicat: Bogotá Instituto Caro y Cuervo 1969
Col·lecció:Publicaciones del Instituto Caro y Cuervo, 27
Matèries:
Etiquetes: Afegir etiqueta
Sense etiquetes, Sigues el primer a etiquetar aquest registre!

MARC

LEADER 00000nam a2200000 a 4500
001 UCI4863
003 CL-VaPUC
008 080307e19690000CK |||||||||||||||||spa|d
082 0 4 |a 410  |b FLO  |2 21 
100 0 |a Florez, Luis  |e author  |9 526922 
245 1 0 |a Léxico del cuerpo humano en Colombia 
300 |a 314 p 
942 |c BK 
945 |d 20080307 00:00:00  |a rbrito 
260 |a Bogotá  |b Instituto Caro y Cuervo  |c 1969 
650 0 |a Lingüística  |9 265068 
650 0 |a Cuerpo humano  |9 257169 
650 0 |a Etnolingüística  |9 341076 
651 0 |a Colombia  |9 256424 
583 |a last modification  |c 20080307 00:00:00  |k Rodrigo Vera 
490 0 |a Publicaciones del Instituto Caro y Cuervo, 27 
999 |c 328710  |d 328708 
952 |0 0  |1 0  |4 0  |6 410_000000000000000_FLO_1969  |7 0  |8 A  |9 412781  |a FDOPOS  |b FDOPOS  |d 2019-11-22  |i 4410548  |o 410 FLO 1969  |p 4410548  |r 2025-01-22  |w 2019-11-22  |y BK  |k MLA